| 000 | 01304nam a22002657i 4500 | ||
|---|---|---|---|
| 999 |
_c23065 _d23065 |
||
| 003 | AR-CdUCM | ||
| 008 | 240918b20172017 pe||||| |||| 00| 0 spa d | ||
| 020 | _a978-956-307-080-4 | ||
| 040 |
_aMUNICIPALIDAD PROVINCIAL DEL CUSCO _cBIBLIOTECA MUNICIPAL DEL CUSCO |
||
| 041 | _hspa | ||
| 082 |
_a508.63 / S18 _bS18 |
||
| 100 |
_aSaldivia Maldonado, Zenobio (Compilador) _950680 |
||
| 245 | _aUna Aproximación al Desarrollo de la Ciencia en Colombia. Siglo XIX / | ||
| 260 |
_aChile : _bBravo y Allende Editores. _c2017 |
||
| 300 |
_a2449 páginas. : _c21 cm. |
||
| 500 | _zBibliografía : 227-245 páginas. | ||
| 505 | _aJosé Celestino Mutis y los Albores de la ciencia en Colombia -- Francisco José de Caldas: Entre la Astronomía y la Botánica en los Inicios de la Republica de Colombia -- Alexander Von Humboldt, su derrotero por Colombia y su mirada científica -- Agustín Codazzi y su aportes cognitivos en la republica de Colombia -- Antonio María Vargas Reyes: El precursor de la Medicina Colombiana. | ||
| 650 |
_aCiencia en Colombia _950536 |
||
| 650 |
_aAstronomía y botanica _950537 |
||
| 650 |
_aAportes cognitivos _950538 |
||
| 650 |
_aAportes de la ciencia colombiana _950539 |
||
| 650 |
_aAnálisis epistemológicos _950540 |
||
| 942 |
_2ddc _cLIBROS |
||
| 945 |
_apbj _d2024/09/18 |
||